000 00923nam a2200277 i 4500
003 EG-GICUC
005 20260121101743.0
008 260120s1961 fr ad||fr|||| 000 0 fre d
040 _aEG-GiCUC
_bfre
_cEG-GiCUC
_dEG-GiCUC
_erda
041 0 _afre
082 0 4 _221
_a338.9
_bMO
092 0 4 _221
099 _aLaw1 13 338.9 MO 1961
245 1 4 _aLes Moyens Financiers Mis À La Disposition Des Pays En Voie De Développement Économique.
264 1 _aParis :
_bOrganisation De Coopération Et De Développement Économiques,
_c1961.
300 _a92 pages :
_billustration,
_c24 cm.
336 _2rda content
_atext
337 _2rda media
_aComputer
338 _2rda carrier
_aOnline Resource
500 _a
546 _aTexte en français
650 1 4 _aFinances publiques et législation fiscale
856 4 0 _uhttps://fll.law.cu.edu.eg/fulltext/bks/B13-07526.pdf
905 _a48
942 _2ddc
_cBK
_e21
_n0
999 _c57980
_d57980